| 000 | 00418nam a2200157Ia 4500 | ||
|---|---|---|---|
| 008 | 210716s2005 xx 000 0 und d | ||
| 020 | _a9812548564 | ||
| 041 | _aeng | ||
| 082 | _a658.311 RAJM | ||
| 100 | _aRaju, M S;Devadas, Sulochana. | ||
| 245 | _aSmart job hunting: network to get work. | ||
| 250 | _a1 | ||
| 260 |
_aNew York _bThomson _c2005 |
||
| 300 | _axx,197 | ||
| 650 | _aHuman Resource Management(658.3) | ||
| 999 |
_c199327 _d199327 |
||